| 000 | 00729nam a2200289Ia 4500 | ||
|---|---|---|---|
| 005 | 20260324114059.0 | ||
| 008 | 008 260324s9999 xx 000 0 eng d | ||
| 020 | _a9781003382645 | ||
| 037 | _aEBOOK | ||
| 040 | _aCRL | ||
| 040 | _beng | ||
| 040 | _cCRL | ||
| 041 | _2eng | ||
| 041 | _aeng | ||
| 084 | _qCRL | ||
| 100 |
_aLiesel Hibbert _91149346 |
||
| 245 | 0 | _aEnglish as a Language of Learning, Teaching and Inclusivity | |
| 245 | 0 | _bExamining South Africa’s Higher Education Crisis | |
| 260 | _bTaylor and Francis | ||
| 260 | _c2023 | ||
| 365 | _a | ||
| 365 | _b230 | ||
| 856 | _uhttp://www.taylorfrancis.com/books/9781003382645 | ||
| 942 | _cEBOOK | ||
| 999 |
_c1739338 _d1739338 |
||